| 000 | nam a22 a 4500 | ||
|---|---|---|---|
| 999 |
_c104002 _d104002 |
||
| 003 | BLK | ||
| 005 | 20230404133919.0 | ||
| 008 | 180409b bul|||||r ||||||| ||bul|| | ||
| 010 | _aKNG00109098000 | ||
| 020 | _a954-439-072-3 | ||
| 040 | _aBLK | ||
| 041 |
_aBUL _cBUL |
||
| 080 |
_aАмериканска литература (на САЩ) _b821.111(73) _x-31 _z821.111(73)-31 |
||
| 100 | 1 |
_aАргайл, Черил _eпърви автор _9309762 |
|
| 139 |
_aАргайл, Черил _bА 82 |
||
| 245 | 1 | 0 |
_aСветът е пълен с хубави жени _bРоман _cЧерил Аргайл; прев. Детелин Гинчев. |
| 257 | _aUSA | ||
| 260 |
_aВелико Търново _bСлово _c1992 _fВ. Търново : Абагар |
||
| 300 |
_a122 с. _c20 см |
||
| 380 | _aX | ||
| 490 |
_aЛюбовни романи _v13 _9201194 |
||
| 500 | _aПрев. от нем. изд. Distant Thunder / Cheryl Arguille ; Ориг. загл. на англ. ез. - 55 000 тир. | ||
| 653 | _aромантична проза | ||
| 700 | 1 |
_aГинчев, Детелин _eпрев. _9363764 |
|
| 852 |
_aЦб 172134 _bЦб |
||
| 856 | 4 |
_qpdf _i0.00 _ldisable |
|
| 856 | 4 |
_qpdf _i0.00 _ldisable |
|
| 942 |
_cKNG _n0 _s1 |
||
| 944 |
_aCR _c21.11.2003 _lф / _kЛюдмила_Стоянова |
||
| 944 |
_aED _c13.10.2009 _lф / |
||
| 999 | _d104002 | ||